Приближенный подсчет запасов полезного ископаемого в межконтурной полосе при методе треугольников

Bibliographische Detailangaben
1. Verfasser: Золотарев А. С.
Sprache:Russisch
Veröffentlicht: Уфа, [Б. и.], 1937
Schriftenreihe:Труды Башкирского геологического треста Вып. 4
Schlagworte:
Format: Buch
KOHA link:https://koha.lib.tpu.ru/cgi-bin/koha/opac-detail.pl?biblionumber=323597

MARC

LEADER 00000nam0a2200000 4500
001 323597
005 20231102003603.0
035 |a (RuTPU)RU\TPU\book\349184 
090 |a 323597 
100 |a 20161024d1937 k y0rusy50 ca 
101 0 |a rus 
102 |a RU 
105 |a a z 000zy 
200 1 |a Приближенный подсчет запасов полезного ископаемого в межконтурной полосе при методе треугольников  |f А. С. Золотарев 
210 |a Уфа  |c [Б. и.]  |d 1937 
215 |a 36 с.  |c ил. 
225 1 |a Труды Башкирского геологического треста  |v Вып. 4 
606 1 |a Полезные ископаемые  |x Подсчет и классификация запасов  |2 stltpush  |3 (RuTPU)RU\TPU\subj\50099  |9 68846 
610 1 |a формулы 
610 1 |a поправки 
610 1 |a запасы 
610 1 |a категории 
675 |a 553.048  |v 4 
700 1 |a Золотарев  |b А. С. 
801 1 |a RU  |b 63413507  |c 20161024 
801 2 |a RU  |b 63413507  |c 20200213  |g RCR 
942 |c BK